Franchising& licensing two powerful ways to grow your business in any economy (Registro nro. 165253)

Detalles MARC
000 -ENCABEZADO
Número de control [NR] 00997nam a22002537a 4500
008 - DE LONGITUD FIJA DE DATOS DE ELEMENTOS - INFORMACIÓN GENERAL
Elementos de longitud fija [NR] 130821s2011 xxua gr eng
020 ## - NUMERO INTERNACIONAL NORMALIZADO PARA LIBROS [R]
Número Internacional Normalizado del libro [NR] 0814415563
020 ## - NUMERO INTERNACIONAL NORMALIZADO PARA LIBROS [R]
Número Internacional Normalizado del libro [NR] 9780814415566
040 ## - FUENTE DE CATALOGACION [NR]
Agencia de catalogación original [NR] CO-BoUCM
Quien Cataloga
Quien Clasifica Diana Londoño
Idioma de catalogación [NR] spa
041 00 - CODIGO DE IDIOMA [R]
Código de idioma para texto/pista de sonido o título separado [R] Inglés
100 1# - ASIENTO PRINCIPAL--NOMBRE PERSONAL [NR]
Nombre personal [NR] Sherman, Andrew J.
ID Autoridad 34158
245 10 - MENCION DE TITULO [NR]
Título [NR] Franchising& licensing two powerful ways to grow your business in any economy
Mención de responsabilidad, etc. [NR] Andrew J. Sherman
246 3# - FORMA VARIANTE DEL TITULO [R]
Título propiamente dicho/forma breve del título [NR] Franchising and licensing
250 ## - MENCION DE EDICION [NR]
Mención de edición [NR] 4th ed
260 ## - PUBLICACION, DISTRIBUCION, ETC. (PIE DE IMPRENTA) [R]
Lugar de publicación, distribución, etc. [R] Nueva York (Estados Unidos)
Nombre del editor, distribuidor, etc. [R] American Management Association
Fecha de publicación, distribución, etc. [R] 2011
300 ## - DESCRIPCION FISICA [R]
Extensión [R] xi, 451 páginas
Otros detalles físicos [NR] gráficas
500 ## - NOTA GENERAL [R]
Nota general [NR] Incluye índice
650 #0 - ASIENTO SECUNDARIO DE MATERIA - TERMINO TEMATICO [R]
Término temático o nombre geográfico como elemento de entrada [NR] Alianzas estratégicas (Negocios)
Subdivisión general [R] Estados Unidos
9 (RLIN) 36237
650 #0 - ASIENTO SECUNDARIO DE MATERIA - TERMINO TEMATICO [R]
Término temático o nombre geográfico como elemento de entrada [NR] Franquicias (Comercio minorista)
Subdivisión geográfica [R] Estados Unidos
9 (RLIN) 124755
650 #0 - ASIENTO SECUNDARIO DE MATERIA - TERMINO TEMATICO [R]
Término temático o nombre geográfico como elemento de entrada [NR] Mecanismos de las franquicias
Subdivisión geográfica [R] Estados Unidos
9 (RLIN) 19107
690 ## - ASUNTO AGREGADO LOCAL DE ENTRADA - TÉRMINO TEMÁTICO (OCLC, RLIN)
Acceso temático local Administración de Empresas
9 (RLIN) 435
942 ## - ELEMENTOS DE ENTRADA AGREGADOS (KOHA)
Tipo de ítem principal el descrito en 300a Libro
Tema principal Administración
Edición 4
Parte restante de la signatura top. S553f
Sistema de clasificación DEWEY
Clasificación 658.8708
Existencias
Signatura topográfica Código de barras Última vez visto Volúmen / Fascículo Ejemplar Costo de reposición Price effective from Tipo de ítem Perdido Sistema de clasificación Dañado No prestable Tipo de ítem específico Suprimido Ubicación habitual Ubicación actual Localización Fecha de creación Proveedor Forma de adquisición Costo
658.8708 S553f 100132642 04/12/2024 4a. Ed. Ej.1 103000.00 18/04/2013 Libro   DEWEY     Libro   Bodega Bodega 5to piso 18/04/2013 17 Compra 103000.00